| 000 | 00700nam a2200229Ia 4500 | ||
|---|---|---|---|
| 003 | GCL | ||
| 008 | 140319s9999 xx 000 0 ara d | ||
| 040 |
_aGCL / _cGCL |
||
| 082 | 0 | 4 |
_aق _b953.07393 _bن ج |
| 100 | 1 | _aنظير حسان سعداوى | |
| 245 | 1 | 0 |
_aجيش مصر فى ايام صلاح الدين / _cنظير حسان سعداوى |
| 260 |
_a[S.N] : _bمكتبة النهضة المصرية ، _c1959 |
||
| 300 | _a102 ص | ||
| 490 | _a | ||
| 650 | 0 | 4 | _aمصر |
| 650 | 0 | 4 | _aتاريخ |
| 650 | 0 | 4 | _aالحروب الصليبية |
| 650 | 0 | 4 | _aالتاريخ الحربى |
| 650 | 0 | 4 | _aالجيش المصرى |
| 650 | 0 | 4 | _aالدولة الايوبية |
| 942 |
_2ddc _cBK |
||
| 999 |
_c29045 _d29045 |
||